| 000 | 00617nam a2200181 a 4500 | ||
|---|---|---|---|
| 005 | 20240320063620.0 | ||
| 008 | 991125s1948 mx 000 0 spa u | ||
| 035 | _aUPN01000004540 | ||
| 049 | _aCG | ||
| 050 | 4 |
_aJA71 _bV3.2 |
|
| 100 | 1 | _aValerin, Ernan de Sandozequi S. | |
| 245 | 1 | 3 |
_aEl arte de la política : _bpensamientos sobre el arte de la acción política preliminar y la acción para servir y gobernar / _cErnan de Sandozequi S. Valerin. |
| 260 |
_aMéxico : _b[E. de S. S. Valerin?], _c1948. |
||
| 300 | _a64 p. | ||
| 650 | 2 |
_aPolítica social _91450 |
|
| 650 | 4 |
_aÉtica política _97545 |
|
| 905 | _aLibro | ||
| 999 |
_c4540 _d4540 |
||